书目信息 |
| 题名: |
章太炎篆书千字文
|
|
| 作者: | 章太炎 书 | |
| 分册: | ||
| 出版信息: | 上海 上海书画出版社 1982 |
|
| 页数: | 84页 | |
| 开本: | 39cm | |
| 丛书名: | ||
| 单 册: | ||
| 中图分类: | J292.31 | |
| 科图分类: | ||
| 主题词: | 篆书-法帖--中国--近代--选集 , 法帖-篆书--中国--近代--选集 | |
| 电子资源: | ||
| ISBN: | ||
| 000 | 00664nam0 2200241 45 | |
| 001 | 0182007282 | |
| 005 | 20061114171727.53 | |
| 010 | @dCNY3.50 | |
| 091 | @aCN@b7172.171 | |
| 100 | @a19950208d1982 em y0chiy0121 ea | |
| 101 | 0 | @achi |
| 102 | @aCN@b310000 | |
| 105 | @ay z 000yy | |
| 200 | 10 | @a章太炎篆书千字文@Azhang tai yan zhuan shu qian zi wen@f章太炎书 |
| 210 | @a上海@c上海书画出版社@d1982 | |
| 215 | @a84页@d39cm | |
| 606 | @a篆书-法帖@y中国@z近代@x选集 | |
| 606 | @a法帖-篆书@y中国@z近代@x选集 | |
| 690 | @aJ292.31@v3 | |
| 701 | 0 | @a章太炎@Azhang tai yan@4书 |
| 801 | 2 | @aCN@bNLC@c20061114 |
| 801 | 0 | @aCN@bTSSF |
| 905 | @a10447@dJ292.31@e184 | |
| 章太炎篆书千字文/章太炎书.-上海:上海书画出版社,1982 |
| 84页;39cm |
| ISBN :CNY3.50 |
| ● |
| 相关链接 |
|
|
|
|
正题名:章太炎篆书千字文
索取号:J292.31/184
 
预约/预借
| 序号 | 登录号 | 条形码 | 馆藏地/架位号 | 状态 | 备注 |
| 1 | 0208355 | 202445078 | 第一样本阅览室/ [索取号:J292.31/184] | 在馆 |